カ。簡単な件について - Statistics

General Stats
  • This quiz has been taken 19 times
  • The average score is 13 of 16
Answer Stats
Question Answer % Correct
カタカナ
86%
カタカナ
86%
カタカナ
86%
カタカナ
86%
カタカナ
86%
漢字
86%
漢字
86%
カタカナ
79%
漢字
79%
漢字
79%
カタカナ
71%
漢字
71%
漢字
71%
漢字
71%
カタカナ
64%
漢字
64%
No matching quizzes found
Score Distribution
Percent of People with Each Score
Percentile by Number Answered
Your Score History
You have not taken this quiz